000 01908ngm a22003970a 4500
001 PT38750
003 AR-LpoUNG
005 20210202000531.0
007 vd cvaizq
008 191001s2005||||ag |||||||||||||||||spa d
037 _c$6
040 _aAR-LpoUNG
_bspa
_cAR-LpoUNG
_eaacr
041 _aspa
044 _aag
082 0 _a306.6 436ciu
100 1 _aBellande, Enrique
_edir.
245 1 0 _aCiudad de María
260 _aBuenos Aires :
_bSBP,
_c2005.
300 _aDVD (86 min.) : son., col.
505 0 _aGuión, dirección y producción: Enrique Bellande. Fotografía: Florencia Blanco y Guillermo Nieto. Música: Vincent van Warmerdan y Juanjo Domínguez. Ganadora "Mejor película argentina" en el Festival de Cine Independiente Buenos Aires 2002.
520 _aEl documental está vertebrado alrededor de la presunta aparición de una advocación a la Virgen María en la ciudad de San Nicolás hacia 1983. Abandonando desde un principio las simplificaciones -marca registrada del documental televisivo con voz en off didáctica- y poniendo el acento en todos y cada uno de los aspectos que rodean el fenómeno -sociales, económicos, mediáticos, personales-, el film conjuga la disposición de los elementos fácticos en su más absoluta desnudez con una mirada personal que no deja de lado el uso del humor. El escenario de las transformaciones religiosas es la ciudad misma y la emergencia de un nuevo modelo urbano que esconde el pasado industrial para hacer emerger una nueva San Nicolás pos-industrial.
650 4 _aANALISIS SOCIOLOGICO
650 4 _aARGENTINA
650 4 _aASPECTOS SOCIALES
650 4 _aCIUDADES
650 4 _aMEDIO URBANO
650 4 _aRELIGION
650 4 _aSOCIOLOGIA URBANA
651 4 _aArgentina
653 _aCINE ARGENTINO
653 _aDOCUMENTALES
653 _aDVD
653 _aVIDEOS
905 _a38750
942 _cDVD
999 _c55061
_d55061